Estadísticas para Ciudades más grandes de Perú con un mapa

Haz click aquí para intentar la prueba.

Estadísticas generales

  • Esta prueba ha sido intentada 140 veces
  • La puntuación promedio es 8 de 12

Respuestas en el mapa

Las respuestas están codificadas por una escala verde-roja en el mapa de la prueba según el % correcto abajo.
 

Estadísticas de respuestas

PoblaciónCiudad% Correcto
10,80 MLima
100%
0,48 MCusco
92%
1,08 MArequipa
91%
0,99 MTrujillo
81%
0,31 MIca
74%
0,42 MIquitos
74%
0,52 MPiura
70%
0,32 MTacna
69%
0,65 MChiclayo
63%
0,44 MHuancayo
53%
0,38 MPucallpa
42%
0,39 MChimbote
41%

Distribución de puntuación

Porcentaje por número respondido

Porcentaje de gente con cada puntuación

Historial de tus puntuaciones

No has intentado esta prueba.